书目信息 |
| 题名: |
硕士研究生入学考试英语词汇必备
|
|
| 作者: | 汪林 主编 | |
| 分册: | ||
| 出版信息: | 北京 国防工业出版社 2004.01 |
|
| 页数: | 423页 | |
| 开本: | 24cm | |
| 丛书名: | ||
| 单 册: | ||
| 中图分类: | H313 | |
| 科图分类: | ||
| 主题词: | 英语 | |
| 电子资源: | ||
| ISBN: | 7-118-03252-2 | |
| 000 | 00583nam0 2200193 45 | |
| 001 | 0463051187 | |
| 005 | 2004052617305023 | |
| 010 | @a7-118-03252-2@dCNY 33.00 | |
| 100 | @a20040526d2004 km y0chiy0120 ea | |
| 101 | 0 | @achi |
| 102 | @aCN@b110000 | |
| 200 | 1 | @a硕士研究生入学考试英语词汇必备@AShuo Shi Yan Jiu Sheng Ru Xue Kao Shi Ying Yu Ci Hui Bi Bei@f汪林主编@FWang Lin Zhu Bian |
| 210 | @a北京@c国防工业出版社@d2004.01 | |
| 215 | @a423页@d24cm | |
| 606 | 0 | @a英语 |
| 690 | @aH313@v3 | |
| 701 | 0 | @a汪林@AWang Lin@4主编 |
| 801 | 0 | @aCN@bPFT@c20040526 |
| 905 | @a安徽大学@dH313@eW065 | |
| 硕士研究生入学考试英语词汇必备/汪林主编.-北京:国防工业出版社,2004.01 |
| 423页;24cm |
| ISBN 7-118-03252-2:CNY 33.00 |
| ● |
| 相关链接 |
|
|
|
正题名:硕士研究生入学考试英语词汇必备
索取号:H313/W065
 
预约/预借
| 序号 | 登录号 | 条形码 | 馆藏地/架位号 | 状态 | 备注 |
| 1 | 377883 | 203778830 | 自科二线504/504自科库 47排1列2层/ [索取号:H313/W065] | 在馆 | |
| 2 | 377884 | 203778849 | 自科二线504/504自科库 28排1列2层/ [索取号:H313/W065] | 在馆 | |
| 3 | 377885 | 203778858 | 自科二线504/504自科库 47排1列2层/ [索取号:H313/W065] | 在馆 |